| 000 | 00712nam a2200229 a 4500 | ||
|---|---|---|---|
| 005 | 20250110063749.0 | ||
| 008 | 020829s2001 mx r 000 0 spa d | ||
| 020 | _a8449310253 | ||
| 035 | _aUPN01000118736 | ||
| 049 | _aCG | ||
| 050 | 4 |
_aB173 _bG3.28 |
|
| 100 | 1 |
_aGadamer, Hans-Georg, _d1900-2002 |
|
| 245 | 1 | 3 |
_aEl inicio de la sabiduría / _cHans-Georg Gadamer ; tr. Antonio Gómez Ramos. |
| 260 |
_aBarcelona, Esp. : _bPaidós, _c2001. |
||
| 300 | _a150 p. | ||
| 440 | 0 |
_aPaidós studio ; _v147 |
|
| 534 |
_pTraducción de: _tDer anfang des wissens |
||
| 650 | 4 |
_aFILOSOFIA ANTIGUA - _xHISTORIA _923863 |
|
| 650 | 4 |
_aFilósofos griegos _920604 |
|
| 650 | 2 |
_aFilosofía _xHistoria _910004 |
|
| 905 | _aLibro | ||
| 999 |
_c91100 _d91100 |
||